000 00623nam a2200229 a 4500
005 20240806063822.0
008 050828s2002 mx r 000 0 spa d
020 _a9700510697
035 _aUPN01000177491
049 _aCG
050 4 _aPQ4841 A4
_bS2.6a
100 1 _aSalgari, Emilio,
_d1862-1911
245 1 3 _aSandokan /
_cEmilio Salgari.
260 _aMéxico :
_bGrijalbo,
_c2002.
300 _a127 p.
440 0 _aBiblioteca escolar
650 0 _aPiratas
_vNovela
_94090
650 0 _aNovela italiana
_95076
650 0 _aHistorias de aventuras
_94131
650 4 _aLiteratura juvenil
_95153
905 _aLibro
999 _c149594
_d149594